Corruption and military spending

Guardado en:
Detalles Bibliográficos
Autor principal: Gupta, Sanjeev
Otros Autores: de Mello, Luiz, Sharan, Raju
Formato: Libro
Lenguaje:inglés
Publicado: Washington International Monetary Fund 2000
Colección:IMF Working Paper WP/00/23
Materias:
Etiquetas: Agregar Etiqueta
Sin Etiquetas, Sea el primero en etiquetar este registro!

MARC

LEADER 00000nam a2200000 4500
001 c124142
005 20221221081911.2
041 0 |a eng 
044 |a US 
245 1 0 |a Corruption and military spending  |c Sanjeev Gupta, Luiz de Mello and Raju Sharan 
264 1 |a Washington  |b International Monetary Fund  |c 2000 
300 |a 31 s. 
490 1 |a IMF Working Paper  |v WP/00/23 
830 0 |a IMF Working Paper  |v WP/00/23 
610 2 0 |a vojenstvo 
610 2 0 |a armáda 
610 2 0 |a výdavky na obranu a bezpečnosť 
610 2 0 |a korupcia 
100 1 |a Gupta, Sanjeev 
700 1 |a de Mello, Luiz 
700 1 |a Sharan, Raju